[Event "5th Chennai Open 2013"]
[Site "Chennai IND"]
[Date "2013.01.19"]
[Round "7"]
[White "Wan Yunguo"]
[Black "Nitin,S"]
[Result "1-0"]
[WhiteElo "2497"]
[BlackElo "2367"]

1.e4 c5 2.Nf3 d6 3.d4 cxd4 4.Nxd4 Nf6 5.Nc3 a6 6.Be3 e6 7.Be2 Be7 8.Qd2 O-O
9.O-O-O b5 10.Bf3 Nfd7 11.Nf5 Ne5 12.Nxe7+ Qxe7 13.Qxd6 Qxd6 14.Rxd6 Nxf3
15.gxf3 Nd7 16.Bd4 f6 17.Rg1 Kf7 18.Rc6 Rb8 19.f4 b4 20.Na4 Rb5 21.Nc5 Nxc5
22.Bxc5 Rd8 23.Rc7+ Bd7 24.Rd1 Ke8 25.b3 g6 26.f5 exf5 27.exf5 Rc8 28.Rdxd7 Rxc5
29.Rxc8+ Rxc8 30.Rxh7  1-0

[Event "TCh-SVK Extraliga 2012-13"]
[Site "Slovakia SVK"]
[Date "2013.01.19"]
[Round "5.3"]
[White "Ponizil,C"]
[Black "Ondrus,M"]
[Result "1-0"]
[WhiteElo "2377"]
[BlackElo "2315"]

1.e4 c5 2.Nf3 d6 3.d4 cxd4 4.Nxd4 Nf6 5.Nc3 a6 6.Be3 e5 7.Nb3 Be6 8.f4 exf4
9.Bxf4 Nc6 10.Qe2 Be7 11.h3 O-O 12.O-O-O Qc7 13.g4 Rfe8 14.g5 Nd7 15.h4 b5
16.Qh2 Nce5 17.Nd4 Nb6 18.Qg2 Bf8 19.h5 b4 20.Nd5 Bxd5 21.exd5 g6 22.hxg6 hxg6
23.Qh3 Bg7 24.Bg2 Qc4 25.Kb1 Rac8 26.Qh7+ Kf8 27.Rhf1 Na4 28.Bxe5 dxe5 29.Qxg6 Rc7
30.Ne6+  1-0

[Event "68th ch-ARM w 2013"]
[Site "Yerevan ARM"]
[Date "2013.01.21"]
[Round "9.2"]
[White "Karapetyan,L"]
[Black "Babayan,Arm"]
[Result "0-1"]
[WhiteElo "1929"]
[BlackElo "2021"]

1.e4 c5 2.Nf3 d6 3.d4 cxd4 4.Nxd4 Nf6 5.Nc3 a6 6.Be3 Ng4 7.Qd2 Nxe3 8.Qxe3 g6
9.Be2 Bg7 10.O-O O-O 11.Nd5 e6 12.Nb4 Qc7 13.c3 b6 14.f4 Re8 15.Bf3 Bb7 16.Qf2 Nd7
17.f5 Nc5 18.Qh4 Qd8 19.Qxd8 Raxd8 20.fxe6 fxe6 21.Rfe1 a5 22.Nbc6 Rd7 23.b4 Na4
24.bxa5 Bxc6 25.Nxc6 Bxc3 26.e5 d5 27.axb6 Nxb6 28.Rec1 Bxa1 29.Rxa1 Rc7
30.Nd4 Rc4 31.Nb5 Ra4 32.Rb1 Nc4 33.Nc7 Nd2 34.Rb6 Nxf3+ 35.gxf3 Rc8 36.Nxe6 Rxa2
37.Rb1 Re8  0-1

[Event "TCh-CAT Div Hon 2013"]
[Site "Catalonia ESP"]
[Date "2013.01.26"]
[Round "2.6"]
[White "Vehi Bach,V"]
[Black "Bofill Mas,A"]
[Result "1/2-1/2"]
[WhiteElo "2309"]
[BlackElo "2350"]

1.e4 c5 2.Nf3 d6 3.d4 cxd4 4.Nxd4 Nf6 5.Nc3 a6 6.Be3 e6 7.Be2 Nbd7 8.a4 b6
9.f4 Bb7 10.Bf3 Rc8 11.O-O Rc4 12.Qd3 Rc7 13.Qe2 g6 14.Rad1 Qa8 15.e5 Bxf3
16.Nxf3 dxe5 17.fxe5 Ne4 18.Nxe4 Qxe4 19.Ng5 Rxc2 20.Rd2 Rxd2 21.Qxd2 Qxe3+
22.Qxe3 Bc5 23.Qxc5 bxc5 24.Nxf7 O-O  1/2-1/2

[Event "18th HIT Open A 2013"]
[Site "Nova Gorica SLO"]
[Date "2013.01.26"]
[Round "3.1"]
[White "Korneev,O"]
[Black "Kersic,M"]
[Result "1-0"]
[WhiteElo "2610"]
[BlackElo "2204"]

1.e4 c5 2.Nf3 d6 3.d4 cxd4 4.Nxd4 Nf6 5.Nc3 a6 6.Be3 e5 7.Nf3 Be7 8.Bc4 O-O
9.O-O Be6 10.Bb3 Qc7 11.h3 Bxb3 12.axb3 Nbd7 13.Nh2 Qc6 14.Bg5 Bd8 15.Re1 Rc8
16.Bxf6 Nxf6 17.Ng4 Nxg4 18.Qxg4 g6 19.Re2 f5 20.exf5 Rxf5 21.Qe4 Rf4 22.Qxc6 Rxc6
23.Rd1 Rf7 24.Ne4 Rd7 25.Red2 Be7 26.c3 Kf7 27.b4 Ke6 28.Nc5+ dxc5 29.Rxd7 cxb4
30.Rxb7 bxc3 31.bxc3 Rxc3 32.Ra1 Rc6 33.Ra7 h5 34.R1xa6 Rxa6 35.Rxa6+ Kf5
36.g3 Bc5 37.Kg2 Bd4 38.Kf3 Bc5 39.Ke2 Bd4 40.f3 Bg1 41.g4+ hxg4 42.hxg4+ Kg5
43.Kd3  1-0

[Event "TCh-CZE Div1 Vychod 2012-13"]
[Site "Czech Republic CZE"]
[Date "2013.01.27"]
[Round "6.4"]
[White "Rabatin,J"]
[Black "Vojtek,V"]
[Result "1/2-1/2"]
[WhiteElo "2209"]
[BlackElo "2283"]

1.e4 c5 2.Nf3 d6 3.d4 cxd4 4.Nxd4 Nf6 5.Nc3 a6 6.Be3 e5 7.Nb3 Be6 8.f3 Be7
9.Qd2 O-O 10.O-O-O a5 11.Kb1 a4 12.Nc1 a3 13.b3 Na6 14.g4 Nc7 15.g5 Nh5 16.N1e2 Qd7
17.Ng3 Nf4 18.Nge2 Nh5 19.f4 exf4 20.Nxf4 Nxf4 21.Bxf4 Rfd8 22.h4 d5 23.exd5 Nxd5
24.Nxd5 Qxd5 25.Qxd5 Bxd5 26.Rh3 Be4 27.Rxd8+ Rxd8 28.Bd3 Bc6 29.c3 Bc5 30.Kc2 Bd5
31.Be3 Be6 32.Rg3 Bd6 33.Rg1 Be5 34.Be4 b5 35.Bc5 Rc8 36.Bb4 f5 37.gxf6 Bxf6
38.h5 h6 39.Bg6 Bf7 40.Bxf7+ Kxf7 41.Rg3 Re8 42.Kd3 Rd8+ 43.Kc2 Re8 44.Kd3 Re5
45.Rh3 Rg5 46.Bxa3 Rg2 47.Bc5 Rxa2 48.Bd4 Ke6 49.b4 Bg5 50.Ke4 Bf6 51.Bxf6 gxf6
52.Kd4 Re2 53.c4 bxc4 54.Kxc4 Ke5 55.Ra3 f5 56.Ra6 f4 57.Rxh6 f3 58.Rh8 f2
59.Rf8 Re4+ 60.Kd3 Rxb4 61.Rxf2 Rh4  1/2-1/2

[Event "6th Gora Sw Anny OpA"]
[Site "Gora Swietej Anny POL"]
[Date "2013.01.27"]
[Round "3.13"]
[White "Pietruszewski,M"]
[Black "Winiarski,M"]
[Result "1-0"]
[WhiteElo "2096"]
[BlackElo "2089"]

1.e4 c5 2.Nf3 d6 3.d4 cxd4 4.Nxd4 Nf6 5.Nc3 a6 6.Be3 Nbd7 7.f3 e6 8.g4 h6
9.Qd2 b5 10.O-O-O Bb7 11.h4 b4 12.Na4 Qa5 13.b3 Nc5 14.a3 Rc8 15.Qxb4 Qxb4
16.axb4 Nxa4 17.bxa4 e5 18.Nb3 d5 19.Bc5 dxe4 20.Bxf8 Rxf8 21.Na5 Ba8 22.Bxa6 Rc3
23.Kb2 Rxf3 24.Bb5+ Ke7 25.Nc6+ Bxc6 26.Bxc6 Nxg4 27.Rhe1 f5 28.a5 Ne3 29.Rd7+ Kf6
30.Rd6+ Kf7 31.Rd7+ Kg6 32.c3 Rf2+ 33.Kb3 Ng2 34.Rg1 Kh5 35.a6 Nf4 36.a7 e3
37.Rf7 Rxf7 38.a8=Q g6 39.Bf3+ Kxh4 40.Bd1 e4 41.Qd8+ g5 42.Qb6 Ng2 43.Qxh6+ Kg3
44.Qxg5+ Kh2 45.Rxg2+ Rxg2 46.Qh5+ Kg3 47.Qg6+ Kf2 48.Qxf7 Ke1 49.Qxf5 Kxd1
50.Qf1+  1-0

[Event "Asian Zone 3.3"]
[Site "Tagaytay City PHI"]
[Date "2013.01.28"]
[Round "8.13"]
[White "Mariano,N2"]
[Black "Farid,F"]
[Result "1/2-1/2"]
[WhiteElo "2251"]
[BlackElo "2338"]

1.e4 c5 2.Nf3 d6 3.d4 cxd4 4.Nxd4 Nf6 5.Nc3 a6 6.Be3 e6 7.Be2 Be7 8.O-O O-O
9.f4 Qc7 10.Bf3 Nc6 11.Qe1 Nxd4 12.Bxd4 e5 13.Be3 b5 14.a3 Bb7 15.Rd1 Rac8
16.g4 exf4 17.Bxf4 Nd7 18.Nd5 Bxd5 19.exd5 Rfe8 20.Qg3 Qxc2 21.Rf2 Qc5 22.g5 Ne5
23.Bxe5 dxe5 24.Kg2 e4 25.Bxe4 Bd6 26.Qh4 h6 27.gxh6 Qe3 28.Bd3 Re5 29.hxg7 Qg5+
30.Qxg5 Rxg5+ 31.Kh1 Kxg7 32.Bf5 Rh8 33.Rdf1 Re8 34.b4 Re7 35.Rg2 Rxg2 36.Kxg2 Re2+
37.Rf2 Rxf2+ 38.Kxf2 Bxh2 39.Bc8 Bd6 40.Bxa6 Be5 41.Bxb5 Bb2  1/2-1/2

[Event "6th Gora Sw Anny OpA"]
[Site "Gora Swietej Anny POL"]
[Date "2013.01.29"]
[Round "5.5"]
[White "Pietruszewski,M"]
[Black "Nasuta,G"]
[Result "1-0"]
[WhiteElo "2096"]
[BlackElo "2270"]

1.e4 c5 2.Nf3 d6 3.d4 cxd4 4.Nxd4 Nf6 5.Nc3 a6 6.Be3 e6 7.g4 b5 8.g5 Nfd7
9.a3 Bb7 10.h4 Be7 11.f4 Qc7 12.h5 Nc5 13.Bg2 Nbd7 14.h6 g6 15.b4 Na4 16.Nxa4 bxa4
17.O-O Qc3 18.Qd3 Rc8 19.Bd2 Qc4 20.Rfe1 O-O 21.Bf1 Nb6 22.Rac1 e5 23.fxe5 dxe5
24.Nf3 Rfd8 25.Qe3 Qe6 26.c4 Nxc4 27.Rxc4 Rxc4 28.Bxc4 Qxc4 29.Nxe5 Qd4 30.Nf3 Qxe3+
31.Bxe3 Kf8 32.Bc5 Bxc5+ 33.bxc5 Re8 34.Kf2 Bxe4 35.Kg3 Bd5 36.Rxe8+ Kxe8
37.Ne5 Ke7 38.Ng4 f5 39.Nf6 Bc6 40.Nxh7 Kf7 41.Nf6 Kf8 42.Kf4 Kf7 43.Ke5 Kf8
44.Nd5 Kg8  1-0

[Event "18th HIT Open A 2013"]
[Site "Nova Gorica SLO"]
[Date "2013.01.29"]
[Round "7.20"]
[White "Petrovic,Mark"]
[Black "Znidaric,Anze"]
[Result "0-1"]
[WhiteElo "1949"]
[BlackElo "1827"]

1.e4 c5 2.Nf3 d6 3.d4 cxd4 4.Nxd4 Nf6 5.Nc3 a6 6.Be3 e5 7.Nb3 Be6 8.Be2 Be7
9.O-O O-O 10.Bf3 Nbd7 11.a4 b6 12.Nd2 Nc5 13.b4 Nb7 14.Nd5 Nxd5 15.exd5 Bf5
16.Nc4 b5 17.Nb6 Rb8 18.a5 Bg6 19.Be2 f5 20.c4 f4 21.Bc1 bxc4 22.Bxc4 f3
23.Re1 fxg2 24.Bxa6 Bf6 25.Ra3 e4 26.Qg4 Bd4 27.Be3 Bf5 28.Qd1 Be5 29.Qh5 Bg6
30.Qg5 Qe8 31.Be2 Rf5 32.Qxg2 Bh5 33.Bxh5 Qxh5 34.Nd7 Ra8 35.Nxe5 dxe5 36.Bc5 Nxc5
37.bxc5 Rxa5 38.Rg3 Qf7 39.Qxe4 Rxc5 40.d6 Rd5 41.Rc1 h6 42.Rg2 Rxd6 43.h3 Rg6
44.Qa8+ Kh7 45.Rxg6 Qxg6+ 46.Kf1 Qg3 47.Qg2 Qd3+ 48.Ke1 Rf4 49.f3 Rxf3  0-1

[Event "6th Gora Sw Anny OpA"]
[Site "Gora Swietej Anny POL"]
[Date "2013.02.02"]
[Round "9.7"]
[White "Nurkiewicz,M"]
[Black "Kulas,S"]
[Result "1-0"]
[WhiteElo "2395"]
[BlackElo "2042"]

1.e4 c5 2.Nf3 d6 3.d4 cxd4 4.Nxd4 Nf6 5.Nc3 a6 6.Be3 e5 7.Nb3 Be6 8.f4 Nc6
9.f5 Bxb3 10.cxb3 d5 11.exd5 Nb4 12.Bc4 b5 13.a3 bxc4 14.axb4 cxb3 15.Qxb3 Bd6
16.Qa4+ Qd7 17.O-O O-O 18.Ne4 Qxa4 19.Nxf6+ gxf6 20.Rxa4 Rfb8 21.Rfa1 Bxb4
22.Rxa6 Rxa6 23.Rxa6 Kg7 24.Rb6 Rxb6 25.Bxb6 Kf8 26.Kf2 Ke7 27.Ke3 Kd7 28.Kd3 Bd6
29.h3 Bf8 30.Kc4  1-0

[Event "ch-TUR 2013"]
[Site "Antalya TUR"]
[Date "2013.02.03"]
[Round "3.74"]
[White "Atabay,Mesut"]
[Black "Durukan,I"]
[Result "0-1"]
[WhiteElo "1635"]
[BlackElo "1850"]

1.e4 c5 2.Nf3 d6 3.d4 cxd4 4.Nxd4 Nf6 5.Nc3 a6 6.Be3 e5 7.Nb3 Be6 8.f3 Nbd7
9.Qd2 b5 10.g4 Rc8 11.g5 Nh5 12.O-O-O Be7 13.Rg1 O-O 14.Nd5 Bxd5 15.exd5 Nb6
16.Na5 Nxd5 17.Qxd5 Qxa5 18.Bh3 Rc7 19.g6 hxg6 20.Rxg6 Nf6 21.Rdg1 Nxd5 22.Rxg7+ Kh8
23.Bf5 Qe1+ 24.Rxe1 Kxg7 25.Rg1+ Kh8 26.Bg5 Rg8 27.h4 f6 28.Be6 fxg5 29.Bxd5 Rgc8
30.c4 Rxc4+  0-1

[Event "ch-TUR 2013"]
[Site "Antalya TUR"]
[Date "2013.02.05"]
[Round "6.18"]
[White "Bagci,H"]
[Black "Demircioglu,E"]
[Result "1/2-1/2"]
[WhiteElo "1881"]
[BlackElo "2101"]

1.e4 c5 2.Nf3 d6 3.d4 cxd4 4.Nxd4 Nf6 5.Nc3 a6 6.Be3 e5 7.Nb3 Be6 8.f3 h5
9.Qd2 Nbd7 10.O-O-O Qc7 11.Kb1 Be7 12.Nd5 Bxd5 13.exd5 b5 14.Na5 Nb6 15.Bxb6 Qxb6
16.Nc6 Rc8 17.c4 bxc4 18.Bxc4 Bd8 19.Qd3 Nd7 20.Rc1 Nc5 21.Qa3 O-O 22.h4 e4
23.fxe4 Bf6 24.e5 dxe5 25.Rcf1 Ne4 26.Kc2 Rxc6 27.dxc6 Qxc6 28.Qd3 Rd8 29.Rxf6 Qxf6
30.Qxe4 Rd4 31.Qa8+ Kh7 32.Bd3+ g6 33.Rf1 Qe7 34.Qxa6 e4 35.Bc4 f5 36.Rd1 Rxd1
37.Kxd1 Qxh4 38.Qa7+ Kh6 39.Qe3+ Kh7 40.g3 Qh1+ 41.Kc2 h4 42.gxh4 Qxh4 43.Qa7+ Kh6
44.b4 Qh2+ 45.Kb3 Qg3+ 46.Ka4 Qc3 47.Qc5 e3 48.b5 Qc2+ 49.Ka5 e2 50.Qf8+ Kh5
51.Qh8+ Kg5 52.Qd8+ Kh5 53.Qh8+ Kg5  1/2-1/2

[Event "ch-TUR 2013"]
[Site "Antalya TUR"]
[Date "2013.02.07"]
[Round "8.38"]
[White "Yilmaz,Goktan"]
[Black "Gokerkan,Cem Kaan"]
[Result "1-0"]
[WhiteElo "1746"]
[BlackElo "1908"]

1.e4 c5 2.Nf3 d6 3.d4 cxd4 4.Nxd4 Nf6 5.Nc3 a6 6.Be3 e5 7.Nb3 Be6 8.f3 Be7
9.Qd2 Nc6 10.O-O-O h5 11.Nd5 Bxd5 12.exd5 Nb8 13.Be2 Nbd7 14.f4 Qc7 15.Rhe1 Rc8
16.c3 O-O 17.fxe5 Nxe5 18.Bd4 Rfd8 19.Bf3 b5 20.Kb1 b4 21.cxb4 Nxf3 22.gxf3 Ne8
23.Na5 Bf6 24.Nc6 Rd7 25.Rxe8+ Rxe8 26.Bxf6 Re6 27.dxe6 fxe6 28.Ne7+ Kf7
29.Bg5 Qc4 30.Rc1 Qb5 31.Qf4+ Ke8 32.Rc8+ Rd8 33.Rxd8+ Kxd8 34.Qf8+ Qe8 35.Nd5+ Kd7
36.Nb6+ Kc6 37.Qxe8+ Kxb6 38.Qd7 a5 39.Be3+  1-0

[Event "ch-TUR 2013"]
[Site "Antalya TUR"]
[Date "2013.02.07"]
[Round "9.75"]
[White "Gozubuyukoglu,S"]
[Black "Uyanik,Mehmet"]
[Result "1-0"]
[WhiteElo "1867"]
[BlackElo "1692"]

1.e4 c5 2.Nf3 d6 3.d4 cxd4 4.Nxd4 Nf6 5.Nc3 a6 6.Be3 e6 7.f3 Be7 8.g4 Nc6
9.Qd2 h6 10.O-O-O Qc7 11.Kb1 Bd7 12.h4 Ne5 13.Qg2 d5 14.g5 Nh5 15.exd5 O-O-O
16.g6 Bb4 17.d6 Qb6 18.Ne4 Ba3 19.c4 Bb4 20.c5 Qa5 21.a3 Bxa3 22.bxa3 Qxa3
23.Bc1 Qb4+ 24.Qb2 Qa4 25.gxf7 Nc6 26.Nc2 Ne5 27.Rd4 Qc6 28.Nb4 Qa4 29.Nxa6 Qa5
30.Bd2 Qxd2 31.Nxd2  1-0

[Event "35th Georgi Tringov Open"]
[Site "Plovdiv BUL"]
[Date "2013.02.07"]
[Round "6.6"]
[White "Spasov,V"]
[Black "Dimitrov,R"]
[Result "1-0"]
[WhiteElo "2567"]
[BlackElo "2403"]

1.e4 c5 2.Nf3 d6 3.d4 cxd4 4.Nxd4 Nf6 5.Nc3 a6 6.Be3 e5 7.Nf3 Be7 8.Bc4 O-O
9.O-O Nc6 10.Bb3 h6 11.Nh4 Na5 12.Ng6 Nxb3 13.Nxe7+ Qxe7 14.axb3 b5 15.f3 Bb7
16.Rf2 Qc7 17.Rd2 Rfd8 18.Bf2 Rd7 19.Bh4 g5 20.Bf2 Rad8 21.Qe1 Nh5 22.Rad1 Nf4
23.Be3 Rf8 24.Bxf4 exf4 25.Qf2 Re8 26.Nd5 Bxd5 27.Rxd5 Re5 28.R5d4 f5 29.exf5 Rxf5
30.h3 Re5 31.Kh2 Re6 32.Qd2 Qc5 33.b4 Qf5 34.Qc3 Kf7 35.Qc6 Ke7 36.Rd5 Qg6
37.Qc3 h5 38.R5d4 Re5 39.Re1 Rxe1 40.Qxe1+ Kf7 41.Qd2 Qe6 42.h4 Qe3 43.hxg5 Qxd2
44.Rxd2 Ke6 45.Kh3 d5 46.Kh4 Kf5 47.c3 Rd8 48.Rd4 Rd7 49.b3  1-0

[Event "ch-HUN U20 2013"]
[Site "Budapest HUN"]
[Date "2013.02.08"]
[Round "7.3"]
[White "Grimm,D"]
[Black "Zsirai,P"]
[Result "0-1"]
[WhiteElo "2252"]
[BlackElo "2207"]

1.e4 c5 2.Nf3 d6 3.d4 cxd4 4.Nxd4 Nf6 5.Nc3 a6 6.Be3 e5 7.Nb3 Be6 8.Qd2 Nbd7
9.O-O-O Rc8 10.f4 b5 11.f5 Bc4 12.Rg1 b4 13.Nd5 Nxd5 14.exd5 Bxf1 15.Rgxf1 a5
16.Qd3 Qc7 17.Kb1 Be7 18.g4 h6 19.h4 Bxh4 20.Rh1 Be7 21.g5 h5 22.Nd2 a4 23.Rh4 e4
24.Rxe4 Ne5 25.Qb5+ Kf8 26.Qxa4 h4 27.Rxb4 Rh5 28.Ne4 Nc4 29.Bf4 f6 30.gxf6 gxf6
31.Rd4 Nb6 32.Qb3 Rxf5 33.Bh6+ Kf7 34.Rxb6 Rf1+ 35.Bc1 Rg8 36.Rb7 Rgg1 37.Nxd6+ Qxd6
38.Rxe7+ Qxe7 39.d6+ Qe6 40.Qb7+ Kg6 41.b3 Rxc1+ 42.Kb2 Qe5 43.Qd5 Qxd5 44.Rxd5 Rcd1  0-1

[Event "TCh-CAT Div Hon 2013"]
[Site "Catalonia ESP"]
[Date "2013.02.09"]
[Round "4.4"]
[White "Lopez Martinez,Josep"]
[Black "Alonso Moyano,J"]
[Result "1-0"]
[WhiteElo "2499"]
[BlackElo "2409"]

1.e4 c5 2.Nf3 d6 3.d4 cxd4 4.Nxd4 Nf6 5.Nc3 a6 6.Be3 e5 7.Nb3 Be6 8.h3 h5
9.f4 exf4 10.Bxf4 Nc6 11.Qe2 Ne5 12.O-O-O Qc7 13.Nd4 g6 14.Qf2 Nfd7 15.Be2 O-O-O
16.Kb1 Be7 17.Nd5 Bxd5 18.exd5 Bf8 19.c4 Bh6 20.Bh2 Nc5 21.Nb3 Rhe8 22.Rhe1 Kb8
23.Nxc5 Qxc5 24.Qxc5 dxc5 25.Bxh5 Bg7 26.Be2 Ka7 27.Kc2 Bf8 28.Bf4 f6 29.Bd3 g5
30.Be3 b6 31.b3 Bd6 32.Bd2 Rh8 33.Rf1 Rdf8 34.Bc3 g4 35.Bf5 gxh3 36.gxh3 b5
37.cxb5 axb5 38.Rg1 Kb6 39.Rg7 Ra8 40.Kb1 Rh4 41.Rf1 b4 42.Bd2 c4 43.Bg4 cxb3
44.Be3+ Kb5 45.axb3 Nxg4 46.hxg4 Be5 47.Rb7+ Ka6 48.Rxb4 Rd8 49.Rc1 Rxd5
50.Rc6+ Ka5 51.Ra4+  1-0

[Event "35th Georgi Tringov Open"]
[Site "Plovdiv BUL"]
[Date "2013.02.09"]
[Round "8.3"]
[White "Berescu,A"]
[Black "Cheparinov,I"]
[Result "0-1"]
[WhiteElo "2495"]
[BlackElo "2709"]

1.e4 c5 2.Nf3 d6 3.d4 cxd4 4.Nxd4 Nf6 5.Nc3 a6 6.Be3 e5 7.Nb3 Be6 8.Qd2 Nbd7
9.O-O-O Rc8 10.f3 h5 11.Kb1 Be7 12.f4 b5 13.f5 Bc4 14.Bg5 b4 15.Bxf6 Nxf6
16.Nd5 Bxd5 17.exd5 Qb6 18.Qd3 O-O 19.Nd2 e4 20.Qxa6 Qd4 21.Be2 Nxd5 22.Nc4 Nc3+
23.bxc3 Qxc3 24.Rxd6 Ra8 25.Qb7 Bxd6 26.Nxd6 Rxa2 27.Kxa2 Qxc2+ 28.Ka1 b3  0-1

[Event "TCh-CZE Div1 Zapad 2012-13"]
[Site "Czech Republic CZE"]
[Date "2013.02.10"]
[Round "7.7"]
[White "Kratochvil,Ja"]
[Black "Oresky,J"]
[Result "0-1"]
[WhiteElo "2140"]
[BlackElo "2255"]

1.e4 c5 2.Nf3 d6 3.d4 cxd4 4.Nxd4 Nf6 5.Nc3 a6 6.Be3 e6 7.f3 b5 8.Qd2 Bb7
9.g4 Nfd7 10.O-O-O Nb6 11.Bd3 N8d7 12.Nb3 Rb8 13.Qf2 Be7 14.h4 O-O 15.g5 Na4
16.Nxa4 bxa4 17.Nd2 a3 18.b3 Qc7 19.Bd4 Ne5 20.Nc4 Nxd3+ 21.Rxd3 Bc6 22.Bb6 Qb7
23.Be3 d5 24.Na5 Qc7 25.Nxc6 Qxc6 26.exd5 exd5 27.Rhd1 Rfd8 28.Bd4 a5 29.Rc3 Qb5
30.Re3 Bf8 31.Qe2 Qc6 32.Rc3 Qb7 33.Be5 Rbc8 34.Rxc8 Rxc8 35.Qd3 Qc6 36.f4 a4
37.Kb1 axb3 38.cxb3 Bb4 39.Bd4 Bd6 40.Be5 Bxe5 41.fxe5 d4 42.Rf1 Qg2  0-1

[Event "TCh-FIN SM 2012-13"]
[Site "Salo FIN"]
[Date "2013.02.10"]
[Round "11.1"]
[White "Yemelin,V"]
[Black "Kulaots,K"]
[Result "1-0"]
[WhiteElo "2579"]
[BlackElo "2567"]

1.e4 c5 2.Nf3 d6 3.d4 cxd4 4.Nxd4 Nf6 5.Nc3 a6 6.Be3 Ng4 7.Bc1 Nf6 8.Be3 Ng4
9.Bg5 h6 10.Bh4 g5 11.Bg3 Bg7 12.Nb3 Be6 13.h4 Qb6 14.hxg5 hxg5 15.Rxh8+ Bxh8
16.Qd2 Nc6 17.Nd5 Bxd5 18.exd5 Nd4 19.O-O-O Nxb3+ 20.axb3 Bf6 21.Be2 Ne5
22.Bxe5 Bxe5 23.Qxg5 Kf8 24.Qf5 a5 25.Bh5 Bf6 26.Qh7 Bg7 27.Qf5 Bf6 28.Rd3 Qb4
29.c3 Qh4 30.Rg3 Qh1+ 31.Kc2 a4 32.Qh7 axb3+ 33.Kxb3  1-0

[Event "ch-CHI Final 2013"]
[Site "Iquique CHI"]
[Date "2013.02.15"]
[Round "3.5"]
[White "Perez Gormaz,M"]
[Black "Salinas Herrera,P"]
[Result "0-1"]
[WhiteElo "2317"]
[BlackElo "2386"]

1.e4 c5 2.Nf3 d6 3.d4 cxd4 4.Nxd4 Nf6 5.Nc3 a6 6.Be3 e5 7.Nb3 Be6 8.h3 h5
9.Be2 Nbd7 10.a4 Rc8 11.Qd2 Be7 12.O-O O-O 13.f4 Rxc3 14.Qxc3 Nxe4 15.Qa5 Qc8
16.f5 Bxb3 17.cxb3 Ng3 18.Rf2 Nf6 19.Bd3 Bd8 20.Qe1 h4 21.Bc2 e4 22.Rc1 Qd7
23.Bg5 d5 24.Rd1 Nh7 25.Bxd8 Rxd8 26.Qc3 Nf6 27.Qa5 Rc8 28.Bb1 Qd6 29.Qd2 d4
30.Qg5 e3 31.Rc2 Rxc2 32.Bxc2 e2 33.Rc1 Qb4  0-1

[Event "Vladimir Petrov Memorial"]
[Site "Jurmala LAT"]
[Date "2013.02.16"]
[Round "9.6"]
[White "Fedoseev,Vl3"]
[Black "Shirov,A"]
[Result "1-0"]
[WhiteElo "2510"]
[BlackElo "2709"]

1.e4 c5 2.Nf3 d6 3.d4 cxd4 4.Nxd4 Nf6 5.Nc3 a6 6.Be3 e6 7.Be2 Qc7 8.a4 Nc6
9.O-O Be7 10.f4 O-O 11.Nb3 b6 12.Bf3 Bb7 13.Qd2 Nd7 14.Ne2 Nc5 15.Ng3 Rad8
16.Nd4 d5 17.e5 Ne4 18.Qd1 Bc5 19.c3 f6 20.exf6 Rxf6 21.Qe1 e5 22.Nxc6 Bxe3+
23.Qxe3 exf4 24.Nxe4 Rxc6 25.Qe2 dxe4 26.Bxe4 Re6 27.Bxh7+ Kf7 28.Qg4 f3
29.Bc2 Qc5+ 30.Kh1 Rf6 31.gxf3 Rd2 32.Bb3+ Bd5 33.Qh5+ Kg8 34.Bxd5+ Qxd5
35.Qxd5+ Rxd5 36.Rf2 Rdf5 37.Rd1 Rf4 38.a5 bxa5 39.Rd5 a4 40.Ra5 Kh7 41.Kg2 Rg6+
42.Kf1 Rgf6 43.Ke2 Re6+ 44.Kd1 Kh6 45.Kc2 g6 46.Kb1 Ref6 47.Ka2 Rb6 48.Rg2 Rxf3
49.Rxa4 Rf5 50.Rh4+ Kg7 51.Rd2 g5 52.Rhd4 Kg6 53.Rd6+ Rf6 54.Rxb6 Rxb6 55.Ka3 g4
56.c4 a5 57.c5 Rc6 58.Rd6+  1-0

[Event "Horodok-800 years IM"]
[Site "Horodok UKR"]
[Date "2013.02.17"]
[Round "9"]
[White "Zajarnyi,A"]
[Black "Grekh,A"]
[Result "1/2-1/2"]
[WhiteElo "2305"]
[BlackElo "2373"]

1.Nf3 c5 2.e4 d6 3.d4 cxd4 4.Nxd4 Nf6 5.Nc3 a6 6.Be3 Nc6 7.f3 e6 8.Qd2 Be7
9.O-O-O O-O 10.g4 Nxd4 11.Bxd4 Nd7 12.h4 b5 13.g5 Qc7 14.Kb1 b4 15.Na4  1/2-1/2

[Event "TCh-HUN 2012-13"]
[Site "Paks HUN"]
[Date "2013.02.17"]
[Round "7"]
[White "Pap,G"]
[Black "Papp,Ga"]
[Result "0-1"]
[WhiteElo "2569"]
[BlackElo "2571"]

1.e4 c5 2.Nf3 d6 3.d4 cxd4 4.Nxd4 Nf6 5.Nc3 a6 6.Be3 Ng4 7.Bc1 Nf6 8.Qf3 g6
9.Bg5 Bg7 10.Be2 O-O 11.O-O-O Qa5 12.Qe3 Qc5 13.Kb1 Re8 14.h4 h5 15.Qg3 Ng4
16.Bxg4 Bxg4 17.Nb3 Qc8 18.Rd3 Nc6 19.Nd5 Rb8 20.Qe3 b5 21.Bh6 Bh8 22.f3 Be6
23.g4 Ne5 24.gxh5 Nxd3 25.Qxd3 Bxd5 26.Qxd5 Qc4 27.Qd2 Bf6 28.Bg5 Bg7 29.Bh6 Bf6
30.Bg5 Bg7 31.hxg6 fxg6 32.h5 gxh5 33.Rg1 Kh7 34.Qf4 Qe6 35.Qh4 Qf7 36.f4 Rg8
37.Nd2 Bf6 38.Nf3 Rg7 39.Rh1 Kg8 40.Qh3 Re8 41.b3 b4 42.Qd7 Bc3 43.Bh6 e5
44.Qc6 Rg6 45.Ng5 d5 46.Qc5 Bd4 47.Qxb4 Qe7 48.Qa5 Rxh6 49.Qxd5+ Kg7 50.Nf3 Qf7
51.Nxd4 Qxd5 52.Nf5+ Kf6 53.Rh3  0-1

[Event "Iceland-China Friendly Match"]
[Site "Reykjavik ISL"]
[Date "2013.02.17"]
[Round "11.4"]
[White "Bjornsson,Si"]
[Black "Huang Qian"]
[Result "0-1"]
[WhiteElo "2391"]
[BlackElo "2478"]

1.e4 c5 2.Nf3 d6 3.d4 cxd4 4.Nxd4 Nf6 5.Nc3 a6 6.Be3 e5 7.Nb3 Be7 8.f3 Be6
9.Qd2 O-O 10.O-O-O a5 11.Bb5 Na6 12.Kb1 Nc7 13.Ba4 Qb8 14.Bb6 Ra6 15.Qf2 Rc8
16.Nb5 Nxb5 17.Bxb5 Ra8 18.a4 Bc4 19.Nxa5 Bxb5 20.axb5 Nd7 21.Nb3 Rc4 22.Rd5 Qc8
23.Rc1 Nf6 24.Rd3 Qd7 25.Nd2 Rca4 26.c4 Qe6 27.Be3 Nd7 28.Rdc3 Nc5 29.Bxc5 dxc5
30.h4 b6 31.Nf1 Qh6 32.Ne3 Bxh4 33.Qe2 Bg5 34.Kc2 Bxe3 35.Qxe3 Qxe3 36.Rxe3 Rxc4+
37.Kd2 Rd8+  0-1

[Event "ch-ROU 2013"]
[Site "Baile Olanesti ROU"]
[Date "2013.02.18"]
[Round "3.11"]
[White "Miulescu,G"]
[Black "Anton,T"]
[Result "0-1"]
[WhiteElo "2161"]
[BlackElo "2437"]

1.e4 c5 2.Nf3 d6 3.d4 cxd4 4.Nxd4 Nf6 5.Nc3 a6 6.Be3 e5 7.Nb3 Be6 8.f3 Be7
9.Qd2 O-O 10.O-O-O a5 11.a4 Nc6 12.g4 Nb4 13.Kb1 Rc8 14.g5 Nd7 15.h4 f5 16.Bd3 f4
17.Bf2 Nb6 18.Bxb6 Qxb6 19.Nd5 Bxd5 20.exd5 Nxd3 21.Qxd3 Qb4 22.Rhe1 Qxa4
23.Re4 Qd7 24.Nxa5 Bd8 25.Nc4 Rc5 26.Qa3 Qc7 27.Qb3 Qd7 28.Qa3 Be7 29.Qb3 Rb8
30.Nd2 Ra8 31.Rb4 Rca5 32.c4 Qf5+ 33.Ne4 Ra1+ 34.Kc2 Rxd1 35.Kxd1 Qh3 36.Qd3 Qh2
37.Nd2 Ra1+ 38.Kc2 Qg1 39.Rxb7 Rc1+ 40.Kb3 Qe3  0-1

[Event "e2e4 Brighton Masters 2013"]
[Site "Brighton ENG"]
[Date "2013.02.18"]
[Round "5"]
[White "Arvola,B"]
[Black "Hanley,C"]
[Result "0-1"]
[WhiteElo "2346"]
[BlackElo "2420"]

1.e4 c5 2.Nf3 d6 3.d4 cxd4 4.Nxd4 Nf6 5.Nc3 a6 6.Be3 e5 7.Nf3 Be7 8.Bc4 O-O
9.O-O Nbd7 10.Qe2 b5 11.Bd5 Nxd5 12.Nxd5 Bb7 13.a4 Bxd5 14.exd5 b4 15.a5 Qb8
16.Bd2 Rc8 17.Rfc1 Nf6 18.Ra4 Nxd5 19.Qe4 Qb5 20.b3 Rab8 21.Ne1 h6 22.Nd3 Bg5
23.Bxg5 hxg5 24.Qe1 e4 25.c4 bxc3 26.Qxe4 Nf6 27.Qe3 Qxb3 28.Rd4 d5 29.Qxg5 c2
30.Ne1 Qb1 31.Kf1 Qxc1 32.Qxc1 Rb1 33.Nd3 Rc5 34.Ra4 Ne4 35.Ra2 Rc3 36.Ke2 Rxc1
37.Nxc1 d4 38.Ra1 Nd6 39.Ra4 Nc4 40.Ra1 f5 41.Nd3 Kf7 42.Nc1 Ke6 43.Nd3 Kd6
44.f3 Kc6 45.g4 fxg4 46.fxg4 Kb5 47.g5 Nxa5 48.Nc1 Nb3  0-1

[Event "US Amateur Team East 2013"]
[Site "Parsippany USA"]
[Date "2013.02.18"]
[Round "5"]
[White "Obrien,Matthew J"]
[Black "Samuelson,A"]
[Result "0-1"]
[WhiteElo "1939"]
[BlackElo "2188"]

1.e4 c5 2.Nf3 d6 3.d4 cxd4 4.Nxd4 Nf6 5.Nc3 a6 6.Be3 e5 7.Nb3 Be6 8.f3 Nbd7
9.Qd2 Be7 10.O-O-O O-O 11.g4 b5 12.g5 b4 13.Ne2 Ne8 14.Kb1 a5 15.Ng3 Nc7
16.Nf5 d5 17.exd5 Nxd5 18.Bd3 a4 19.Nc1 a3 20.Be4 axb2 21.Bxd5 bxc1=Q+ 22.Qxc1 Bxf5
23.Bxa8 Qxa8 24.g6 fxg6 25.Qb2 Be6 26.h4 Rxf3 27.Bg5 Bc5 28.Rhe1 Ra3 29.Rxd7 Bxd7
30.Qxe5 Bf8 31.Rd1 Qc6 32.Bc1 Bf5 33.Qe2 Rc3 34.Rd2 b3 35.axb3 Rxb3+ 36.Bb2 Qb5
37.Qxb5 Rxb5 38.Ka1 Be7 39.c4 Rc5 40.Rd4 Rc8  0-1

[Event "US Amateur Team East 2013"]
[Site "Parsippany USA"]
[Date "2013.02.18"]
[Round "6"]
[White "Yang,Christopher X"]
[Black "Haring,Ru"]
[Result "1-0"]
[WhiteElo "2038"]
[BlackElo "1927"]

1.e4 c5 2.Nf3 d6 3.d4 cxd4 4.Nxd4 Nf6 5.Nc3 a6 6.Be3 g6 7.f3 Bg7 8.Qd2 Nc6
9.g4 h5 10.gxh5 Nxh5 11.Rg1 Bd7 12.O-O-O Nxd4 13.Bxd4 Bh6 14.Be3 Bxe3 15.Qxe3 Nf6
16.Bc4 Qc7 17.Bb3 a5 18.a4 Rc8 19.Qd2 Rh5 20.f4 Rc5 21.f5 gxf5 22.Nd5 Rxd5
23.exd5 Qb6 24.Kb1 e5 25.dxe6 fxe6  1-0

[Event "ch-ROU 2013"]
[Site "Baile Olanesti ROU"]
[Date "2013.02.19"]
[Round "5.31"]
[White "Kutnik,A"]
[Black "Vrencian,Lehel"]
[Result "0-1"]
[WhiteElo "2142"]
[BlackElo "1934"]

1.e4 c5 2.Nf3 d6 3.d4 cxd4 4.Nxd4 Nf6 5.Nc3 a6 6.Be3 e6 7.g4 h5 8.g5 Ng4
9.Bc1 Qb6 10.h3 Ne5 11.Be2 Nbc6 12.Nb3 Qc7 13.f4 Nd7 14.g6 fxg6 15.Rg1 Be7
16.Rxg6 Bh4+ 17.Kf1 O-O 18.Bxh5 Nf6 19.Be3 Ne7 20.Rg2 e5 21.f5 Nxh5 22.Qxh5 Nxf5
23.Kg1 Nxe3 24.Qxh4 Nxg2 25.Kxg2 Be6 26.Rd1 Qf7 27.Nd2 Qg6+ 28.Qg3 Qh5 29.Kh2 Rf6
30.Rg1 Qf7 31.Rg2 Rf8 32.Nd1 Kh7 33.Ne3 Bxh3 34.Qxh3+ Rh6 35.Qxh6+ gxh6 36.Nf5 Qh5+
37.Kg1 Rg8 38.Ng3 Qd1+ 39.Ndf1 Qd4+ 40.Kh2 Qxb2 41.Ne3 Qxa2 42.Nd5 Rg6 43.Rf2 Qa3
44.c3 Qc1 45.Rf7+ Kg8 46.Rxb7 Qc2+ 47.Kh3 Qd3 48.Ne7+ Kh7 49.Nxg6+ Kxg6 50.Rc7 a5
51.c4 a4 52.c5 a3 53.cxd6 Qxd6 54.Ra7 Qe6+ 55.Kh4 a2 56.Nf5 Qc4 57.Ne7+ Kf6
58.Nd5+ Ke6 59.Nc7+ Qxc7 60.Rxc7 a1=Q 61.Rc6+ Kd7 62.Rxh6 Qe1+  0-1